LDR 00884naa#a2200217#i#450# 001 EN\\bibl\19253 005 20260418161733.6 100 ## _a20260417b2026####ek#y0engy0150####ca 102 ## _aRU 200 1# _aWAYS TO IMPROVE INFORMATION SUPPORT FOR ROAD USERS AND ITS IMPACT ON THE LEVEL OF SAFETY ON THE ROAD NETWORK _eConference article/thesis 210 1# _aVoronezh _cFSBE Institution of Higher Education Voronezh State University of Forestry and Technologies named after G.F. Morozov _d2026 215 ## _a5 с. 608 ## _aConference article/thesis _2local 675 ## _aПрочие вопросы организации и эксплуатации транспорта. 656.09 _z 700 #1 _aBusarin _gE. N. 700 #1 _aKorablev _gR. A. 700 #1 _aZelikova _gN. V. 700 #1 _aBusarina _gA. E. 700 #1 _aGasilova _gO. S. 700 #1 _aMaklakova _gElena Al'bertovna 856 4# _abibl.vgltu.ru _u